| 000 | 00442nam a2200169Ia 4500 | ||
|---|---|---|---|
| 005 | 20250508150701.0 | ||
| 008 | 008 250505s9999 xx 000 0 eng d | ||
| 037 | _aTextual | ||
| 040 |
_aFEDL _beng _cFEDL |
||
| 041 |
_aeng _2eng |
||
| 084 |
_a353.543, KHO _qFEDL |
||
| 100 |
_aKhosla A. N. _9342002 |
||
| 245 | 0 | _aGovernment servants rules | |
| 300 | _a173p. | ||
| 942 |
_cTEXL _h353.543, KHO |
||
| 999 |
_c1325031 _d1325031 |
||